00181nam a2200061Ia 4500008004100000100001700041245006100058120527s9999 xx 000 0 und d aMCMURTRY, J. aUnequal freedoms the global market as an ethical systems